GTA V Non Stop Pop FM- Full song list - Statistics

General Stats
  • This quiz has been taken 193 times
  • The average score is 17 of 42
Answer Stats
Band/singer(s) song % Correct
Maroon 5 feat. Christina Aguilera moves like jagger
73%
Rihanna only girl
72%
Backstreet Boys i want it that way
67%
Britney Spears gimme more
63%
Lady Gaga applause
61%
Mike Posner cooler than me
60%
M83 midnight city
60%
Modjo lady (hear me tonight)
55%
Corona the rhythm of the night
55%
The Black Eyed Peas meet me halfway
54%
Lorde tennis court
54%
Gorillaz feat. De La Soul feel good inc
52%
Living in a Box living in a box
51%
Amerie 1 thing
48%
Fergie ft. Ludacris glamorous
48%
Robbie Williams & Kylie Minogue kids
48%
Pet Shop Boys west end girls
48%
Wham everything she wants
46%
M.I.A bad girls
45%
Stardust music sounds better with you
45%
Mis-Teeq scandalous
41%
Bronski Beat small town boy
41%
All Saints pure shores
38%
Kelly Rowland work
38%
Hall and Oats adult education
34%
Jamiroquai alright
31%
Cassie me and u
31%
Naked Eyes promises promises
31%
N-joi anthem
29%
INXS new sensation
28%
Taylor Dayne tell it to my heart
28%
Moloko the time is now
28%
Jane Child don't wanna fall in love
25%
Bobby Brown on our own
25%
Real Life send me an angel
25%
Sneaker Pimps 6 underground
23%
Robynn ft. Kleerup with every heartbeat
23%
Dirty Vegas days go by
22%
Sly Fox let's go all the way
22%
Morcheeba tape loop
22%
Dr Robert and Kim Mazelle wait
13%
Simply Red something that got me started
5%
No matching quizzes found
Score Distribution
Percent of People with Each Score
Percentile by Number Answered
Your Score History
You have not taken this quiz